2026 Winter Olympics - Medal Table - Statistics

General Stats
  • This quiz has been taken 60 times
  • The average score is 25 of 29
Answer Stats
# NOC Gold Silver Bronze Total % Correct
2 United States 12 12 9 33
100%
4 Italy 10 6 14 30
98%
11 Canada 5 7 9 21
96%
6 France 8 9 6 23
96%
15 Great Britain 3 1 1 5
96%
1 Norway 18 12 11 41
96%
12 China 5 4 6 15
94%
5 Germany 8 10 8 26
94%
3 Netherlands 10 7 3 20
94%
7 Sweden 8 6 4 18
94%
23 Finland 0 1 5 6
92%
10 Japan 5 7 12 24
92%
21 Poland 0 3 1 4
92%
14 Australia 3 2 1 6
90%
9 Austria 5 8 5 18
90%
18 Spain 1 0 2 3
90%
8 Switzerland 6 9 8 23
90%
29 Belgium 0 0 1 1
88%
19 Brazil 1 0 0 1
88%
17 Slovenia 2 1 1 4
87%
16 Czech Republic 2 2 1 5
83%
19 Kazakhstan 1 0 0 1
83%
13 South Korea 3 4 3 10
83%
25 Denmark 0 1 0 1
79%
22 New Zealand 0 2 1 3
75%
28 Bulgaria 0 0 2 2
73%
24 Latvia 0 1 1 2
73%
25 Estonia 0 1 0 1
71%
25 Georgia 0 1 0 1
54%
No matching quizzes found
Score Distribution
Percent of People with Each Score
Percentile by Number Answered
Your Score History
You have not taken this quiz